01268njm a2200265Ia 450000100060000000300090000600500170001500800410003204000130007304000130008604100120009910000150011110000180012610000380014424500710018225000110025326000110026426000620027530000100033750000620034750503650040965000560077470000780083070000940090854886IT-RoPAU20220918181144.0131025s9999 xx 000 0 und d aIT-RoPAU cIT-RoPAU aINGLESE aBarry John eAutore musica gCodice autore musica SPICS: 10744 aOn Her Majesty's Secret Service-Original Motion Picture Soundtrack a2a ed. aITALIA bEMI ITALIANAc1987 [1a Ed.:1969 - Ed. Lingua Orig.: 1969] aDISCO aColonna sonora del film "007 al servizio di sua Maestà" aWe Have All the Time In the World (Vocal By Louis Armstrong) - This Never Happened To the Other Feller - Try - Ski Chase - Do You Know How Christmas Trees Are Grown? (Vocal By Nina) - Main Theme "On Her Majesty's Secret Service" - Journey To Blofeld's Hideaway - We Have All the Time In the World - Over & Out - Battle At Piz Gloria - James Bond Theme (Medley) aCOLONNE SONORE [DISCHI]eCodice MATERIA SPICS: 9950 aDavid HaleAutore testo e musicagCodice autore testo/musica SPICS: 16108 aNorman MontyeAutore musicagCodice autore musica SPICS: 20368pJames Bond Theme (Medley)